00522cam a22002171 4500001001300000003000400013005001700017008004100034010001700075035002000092040001800112042001200130050001700142100003000159245002600189260001100215300002300226500001600249650002200265999001700287sa 68018231 DLC20260227112709.0891016s1968 ii 000 0 maro  asa 68018231  a(OCoLC)20497603 aDLCcWaUdDLC apremarc00aBJ1470b.S560 aŚivendra Kandahārī.10aViśva gāndhāra. c[1968] a14, 206 p.c19 cm. aIn Marathi. 0aSelf-realization. c88257d88257